000 00216 a2200109 4500
020 _a9789586773416
041 _aspa
100 _aFabio RodriguezPaes
245 _aEl maletin de Santigo
942 _cBK
952 _71
999 _c24901
_d24901